000 01337nab a22002777a 4500
999 _c6359
_d6359
003 OSt
005 20260131200212.0
008 190603e xxum|||| |||| 00| 0 spa d
040 _cPJ
100 _94096
_aMizrahi, Mauricio Luis
245 1 0 _aGuía de buenas prácticas para el funcionamiento de los tribunales de familia cuando están involucrados niños /
_cMauricio Luis Mizrahi.
260 _cCiudad Autónoma de Buenos Aires :
_aThomson Reuters La Ley,
_b2025.
300 _ap. 133-140
500 _aCita: TR LALEY AR/DOC/2872/2025 Publicado en: RCCyC 2025 (Diciembre).
505 _aSumario: I. Introducción.— II. Guía de Buenas Prácticas para el funcionamiento de los juzgados de familia donde están involucrados niños.— III. Conclusión.
505 _t¿Te interesa el texto completo? Solicitalo al correo: koha@justierradelfuego.gov.ar
650 0 _91497
_aCODIGO CIVIL Y COMERCIAL
650 0 _9967
_aDERECHO DE FAMILIA
650 0 _94097
_aINTERES SUPERIOR DEL NIÑO
650 0 _aJUZGADO DE FAMILIA
_96696
650 0 _aVIOLENCIA FAMILIAR
_91134
650 0 _aMEDIDAS CAUTELARES
_91051
650 0 _aTUTELA JUDICIAL EFECTIVA
_93637
773 0 _02713
_93170
_dCiudad Autónoma de Buenos Aires : Thomson Reuters La Ley, 2015-
_tRevista Código Civil y Comercial. Nº 6 - Diciembre 2025
942 _2udc
_cANA